00659cam a22002171 4500001001300000003000400013005001700017008004100034010001700075025001900092040001800111050002300129082001700152100002900169245004900198260005700247300005800304350000900362504003800371610003200409sa 68004854 DLC20260227112504.0711020s1967 pk abc b 000 0 eng  asa 68004854  aPL480:P-E-1204 aDLCcDLCdDLC00aKPL3465b.S53 196700a347.99/549/11 aSidhwa, Rustam Sohrabji.14aThe Lahore High Court and its principal bar. aLahore,bPrinted at the Pakistan Times Pressc[1967] a[16], 302 p.billus., fold. maps, ports.c19 x 25 cm. aN.T. aBibliography: p. [13] (1st group)10aWest Pakistan.bHigh Court.